Countries with an A in the second letter place - Statistics

General Stats
  • This quiz has been taken 14 times
    10 since last reset
  • The average score is 8 of 22
Answer Stats
Answer % Correct
Bahamas
70%
Bahrain
70%
Canada
70%
Barbados
60%
Japan
50%
Haiti
40%
Jamaica
40%
Bangladesh
30%
Cameroon
30%
Gambia
30%
Kazakhstan
30%
Latvia
30%
Malawi
30%
Mali
30%
Cambodia
20%
Gabon
20%
Laos
20%
Malaysia
20%
Maldives
20%
Malta
20%
Mauritania
10%
Mauritius
10%
No matching quizzes found
Score Distribution
Percent of People with Each Score
Percentile by Number Answered
Your Score History
You have not taken this quiz since the last reset